| 000 | 00821nam a2200265 i 4500 | ||
|---|---|---|---|
| 001 | 7725 | ||
| 003 | ES-MaACL | ||
| 005 | 20250727032212.0 | ||
| 007 | t| | ||
| 008 | 910324s1991 sp ||||1| spa d | ||
| 020 | _a84-334-7032-9 | ||
| 080 | _a39(04) | ||
| 080 | _a572 | ||
| 100 | 1 |
_aClifford, James. _939249 |
|
| 245 | 1 | 0 |
_aRetoricas de la antropologia / _cJ. Clifford y G. E. Marcus. |
| 260 |
_aMadrid : _bJucar, _cD.L. 1991. |
||
| 300 |
_a390 p. ; _c20 cm. |
||
| 490 | 1 |
_aJúcar universidad. Antropología ; _v32 |
|
| 504 | _aBibliogr.: p. 369-390. | ||
| 650 | 4 |
_aAntropología cultural y social- _xMetodología. _99881 |
|
| 700 | 1 |
_aMarcus, George E. _976555 |
|
| 830 | 0 | 0 |
_aJúcar universidad. _pAntropología _v32 _9226560 |
| 852 |
_aES-MaACL _jL-15014 _bR.119198 _z. - rust. |
||
| 999 |
_c7725 _d7725 |
||